| 000 | 00975nas a2200313 4500 | ||
|---|---|---|---|
| 001 | BR0807749 | ||
| 003 | BR-BrBNA | ||
| 005 | 20231205112725.0 | ||
| 007 | ta | ||
| 008 | 230509b bl.|||p| |||| 00| 00por d | ||
| 040 |
_aBR-BrBNA _bpor _cBiblioteca Nacional de Agricultura |
||
| 041 | _a(En) | ||
| 072 | _aF60 | ||
| 100 | 1 | _aGomes, M. de M. de A. | |
| 100 | 1 | _aLagôa, A.M.M.A. | |
| 100 | 1 | _aMedina, C.L. | |
| 100 | 1 | _aMachado, E.C. | |
| 100 | 1 | _aMachado, M.A. | |
| 245 | 1 | _aInteractions between feaf water potencial, stomatal conductance and abscisic acid content of orange trees submitted to drought stress | |
| 650 | _aLARANJA | ||
| 650 | _aBIOLOGIA VEGETAL | ||
| 650 | _aFISIOLOGIA VEGETAL | ||
| 650 | _aFOLHA | ||
| 650 | _aÁGUA | ||
| 650 | _aESTRESSE | ||
| 773 | 0 |
_tBrazilian Journal of Plant Physiology (Brazil) _xISSN 1677-0420 _g(Sep-Dec 2004), v. 16(3) p. 155-161 _wBR0807749 |
|
| 909 |
_a202311 _bLúcia _c55 _dLúcia Elande |
||
| 942 |
_2AGRIS _n0 _cANA |
||
| 999 |
_c199601 _d199601 |
||